Statistics for Top Scorer by Soccer Team

Click here to take the quiz!

General Stats

  • This quiz has been taken 136,219 times
    (82,711 since last reset)
  • The average score is 16 of 24

Answer Stats

TeamGoalsPlayer% Correct
Barcelona634Lionel Messi
99%
Real Madrid450Cristiano Ronaldo
97%
Santos643Pelé
89%
Bayern Munich564Gerd Müller
87%
Wales41Gareth Bale
82%
Sweden62Zlatan Ibrahimovic
82%
Ivory Coast65Didier Drogba
81%
Uruguay64Luis Suárez
80%
England55Harry Kane
71%
Paris Saint-Germain202Kylian Mbappé
69%
Cameroon56Samuel Eto'o
69%
France53Olivier Giroud
67%
Hungary84Ferenc Puskás
65%
Newcastle United206Alan Shearer
62%
Germany71Miroslav Klose
62%
Ukraine48Andriy Shevchenko
61%
Spain59David Villa
61%
Chelsea211Frank Lampard
59%
Benfica473Eusébio
57%
Ireland68Robbie Keane
57%
Juventus290Alessandro Del Piero
48%
Napoli148Dries Mertens
40%
Liverpool346Ian Rush
40%
Brazil (women)112Marta
37%

Score Distribution

Percentile by Number Answered

Percent of People with Each Score

Your Score History

You have not taken this quiz since the last reset